Településállomány

Elmentve itt :
Bibliográfiai részletek
Szerzők: Beluszky Pál
Kovács Zoltán
Dokumentumtípus: Könyv része
Megjelent: Csillagászati és Földtudományi Kutatóközpont Földrajztudományi Intézet Budapest 2021
Sorozat:Magyarország nemzeti atlasza 3. kötet
Tárgyszavak:
mtmt:32108072
Online Access:http://publicatio.bibl.u-szeged.hu/39478
LEADER 00767naa a2200217 i 4500
001 publ39478
005 20260319092215.0
008 260319s2021 hu o 000 hun d
020 |a 9789639545632 
024 7 |a 32108072  |2 mtmt 
040 |a SZTE Publicatio Repozitórium  |b hun 
041 |a hun 
100 1 |a Beluszky Pál 
245 1 0 |a Településállomány  |h [elektronikus dokumentum] /  |c  Beluszky Pál 
260 |a Csillagászati és Földtudományi Kutatóközpont Földrajztudományi Intézet  |b Budapest  |c 2021 
300 |a 8 
300 |a 108-115 
490 0 |a Magyarország nemzeti atlasza 3. kötet 
650 4 |a Társadalom- és gazdaságföldrajz 
700 0 1 |a Kovács Zoltán  |e aut 
856 4 0 |u http://publicatio.bibl.u-szeged.hu/39478/1/MNA_3_8.pdf  |z Dokumentum-elérés